| 000 | 01485nam a2200337 a 4500 | ||
|---|---|---|---|
| 001 | BRCA_47 | ||
| 005 | 20190320202847.0 | ||
| 008 | 980211s2016----mx-a#####b---f000-0#spa-# | ||
| 020 | _a9786079742720 (novela) | ||
| 020 | _a9786079742713 (volumen complementario) | ||
| 041 | _aspa | ||
| 044 | _amx | ||
| 050 | 4 |
_aPQ6323.A1 _b.C47 2016 |
|
| 100 | 1 |
_aCervantes Saavedra, Miguel de _d1547-1616 _9213 |
|
| 245 | 1 | 0 |
_aDon Quijote de la Mancha _bedición del Instituto Cervantes (1605, 1615, 2015) _cMiguel de Cervantes ; dirigida por Francisco Rico ; con la colaboración de Joaquín Forradellas, Gonzalo Pontón y el Centro para la edición de los clásicos españoles ; presentación a la edición mexicana de Margit Frenk. |
| 260 |
_aMéxico _bAcademia Mexicana de la Lengua _c2016 |
||
| 300 |
_a2 v. _bil. _c22 cm. |
||
| 440 | 0 |
_aClásicos de la lengua española _9214 |
|
| 500 | _aDonado por el Dr. Jaime Labastida Ochoa representante de la Academia Mexicana de la Lengua, 19-diciembre-2018 | ||
| 505 | 0 | _av.1. Novela. -- v.2. Volumen complementario | |
| 650 | 1 | 4 |
_aNovela española _yÉpoca clásica, 1500-1700 _9215 |
| 650 | 1 | 4 |
_aLiteratura española _yÉpoca clásica, 1500-1700 _9216 |
| 650 | 1 | 4 |
_aNovela española _ySiglo XVII _9217 |
| 650 | 1 | 4 |
_aDon Quijote (Personaje ficticio) _eNovela _9218 |
| 700 | 1 |
_aRico, Francisco _9219 |
|
| 700 | 1 |
_aForradellas, Joaquín _9220 |
|
| 700 | 1 |
_aPontón, Gonzalo _9221 |
|
| 700 | 1 |
_aFrenk, Margit _9222 |
|
| 902 | _aQAG | ||
| 942 |
_2lcc _cB |
||
| 999 |
_c47 _d47 |
||